Communes de l'Aisne (02) de plus de 10000 habitants - Statistiques

Statistiques générales
  • Ce quiz a été pris 146 fois
  • Le résultat moyen est 5 sur 7
Statistiques - réponses
Habitants Réponse % Correct
24066 (préfecture) Laon
99%
52995 Saint-Quentin
99%
28667 Soissons
92%
15068 Château-Thierry
81%
13261 Tergnier
63%
11456 Chauny
58%
10376 Villers-Cotterêts
43%
Aucun quiz correspondant
Distribution des résultats
% des personnes avec chaque résultat
Percentile par nombre de réponses
Votre historique - résultats
Vous n’avez pas pris ce quiz